| 000 | 00573nam a2200169Ia 4500 | ||
|---|---|---|---|
| 005 | 20250508152801.0 | ||
| 008 | 008 250505s9999 xx 000 0 eng d | ||
| 037 | _aTextual | ||
| 040 |
_aFEDL _beng _cFEDL |
||
| 041 |
_aeng _2eng |
||
| 084 |
_a374.06, IND _qFEDL |
||
| 245 | 0 | _aMethods and techniques of workers' education : Report of the workshop on workers education held in New Delhi, April 11-17, 1960 | |
| 260 |
_aNew Delhi, India _bIndian Adult Education Association |
||
| 300 | _a87p | ||
| 942 |
_cTEXL _h374.06, IND |
||
| 999 |
_c1338729 _d1338729 |
||